Normal view
MARC view
- القران الكريم - الاعجاز
Entry Topical Term
001 - CONTROL NUMBER
- control field: 43294
003 - CONTROL NUMBER IDENTIFIER
- control field: JO-AjAnu
005 - DATE AND TIME OF LATEST TRANSACTION
- control field: 20230606081157.0
008 - FIXED-LENGTH DATA ELEMENTS
- fixed length control field: 230606|| aca||aabn | a|a d
040 ## - CATALOGING SOURCE
- Original cataloging agency: JO-AjAnu
- Transcribing agency: JO-AjAnu
150 ## - HEADING--TOPICAL TERM
- Topical term or geographic name entry element: القران الكريم - الاعجاز
670 ## - SOURCE DATA FOUND
- Source citation: Work cat.: (JO-AjAnu)22170: عباس، فضل حسن، م.مشارك سناء فضل عباس, author 43293, إعجاز القرآن الكريم